[Event "Wch U20 51st"]
[Site "Athens"]
[Date "2012.08.13"]
[Round "11"]
[White "Michelakos, Panagiotis"]
[Black "Muhammad, Luthfi Ali"]
[Result "1/2-1/2"]
[WhiteElo "2185"]
[BlackElo "2078"]
[PlyCount "137"]
[EventDate "2012.08.02"]
[EventType "swiss"]
[EventRounds "13"]
[EventCountry "GRE"]
[SourceTitle "CBM 149 Extra"]
[Source "ChessBase"]
[SourceDate "2012.08.24"]
[SourceVersion "1"]
[SourceVersionDate "2012.08.24"]
[SourceQuality "1"]

1. d4 Nf6 2. c4 g6 3. Nc3 Bg7 4. e4 d6 5. Be2 0-0 6. Bg5 c6 7. Qd2 e5 8. Nf3 Qc7 9. 0-0 Na6 10. Rac1 Re8 11. d5 c5 12. Ne1 h5 13. a3 Nh7 14. Be3 f5 15. exf5 Bxf5 16. b4 e4 17. Nb5 Qe7 18. bxc5 dxc5 19. Nc2 Be5 20. Bf4 Nf6 21. Bxe5 Qxe5 22. Ne3 Bd7 23. Rfd1 Kg7 24. Qc3 Qxc3 25. Nxc3 Re5 26. Re1 b6 27. Bd1 Ne8 28. Nf1 Nd6 29. Nd2 Rae8 30. Re3 Nc7 31. a4 Na6 32. Bc2 Nb4 33. Bb1 a6 34. h3 b5 35. axb5 axb5 36. Ncxe4 Nxe4 37. Nxe4 bxc4 38. Nxc5 Rxd5 39. Rxe8 Bxe8 40. Ne6+ Kh6 41. Nc7 Re5 42. Rxc4 Re1+ 43. Kh2 Rxb1 44. Nxe8 Nd3 45. f3 Rb2 46. Re4 Kg5 47. h4+ Kf5 48. Nd6+ Kf6 49. Kg3 Ra2 50. Nb5 Nc5 51. Rc4 Nd3 52. Nc3 Rb2 53. Re4 Kf7 54. Nd5 Rb7 55. Re3 Nc5 56. Rc3 Ne6 57. Rc4 Rd7 58. Ne3 Rd3 59. Nc2 Rd2 60. Ne3 Rd3 61. Re4 Rb3 62. Nc4 Ng7 63. Kf4 Kf6 64. Ne5 Ne6+ 65. Kg3 Nc5 66. Re2 Rb4 67. Nc6 Rc4 68. Ne5 Ra4 69. Nc6 1/2-1/2